000 00601nam a2200217Ia 4500
005 20250326144155.0
008 250326s9999 xx 000 0 und d
020 _a978-083113330-6
037 _aTextbook
040 _aFMSL
_beng
_cFMSL
041 _aeng
_2eng
084 _aX:8 P8
_qFMSL
100 _aWireman Terry
_9502630
245 0 _aMaintaice strategy series:Maintaince work management process
_cWireman Terry
260 _aNY
_bNY, Industrial
_c2008
300 _axxv,175
365 _b5472.21
650 _aManagement
942 _cTB
_hX:8 P8
999 _c1302660
_d1302660